[Event "EU-ch Amateur U2000"]
[Site "Zagreb"]
[Date "2022.08.16"]
[Round "4"]
[White "Zubic, Aleksandar"]
[Black "Tonc, Josip"]
[Result "1-0"]
[WhiteElo "1839"]
[BlackElo "1644"]
[PlyCount "65"]
[EventDate "2022.08.14"]
[EventType "swiss"]
[EventRounds "9"]
[EventCountry "CRO"]
[SourceTitle "CBM 210 Extra"]
[Source "ChessBase"]
[SourceDate "2022.11.30"]
[SourceVersion "1"]
[SourceVersionDate "2022.11.30"]
[SourceQuality "1"]

1. e4 e5 2. Nf3 Nc6 3. Bb5 a6 4. Ba4 b5 5. Bb3 Bb7 6. c3 Nf6 7. d3 Be7 8. Nbd2 d6 9. Nf1 h6 10. Ne3 0-0 11. 0-0 Re8 12. Nf5 Bf8 13. N3h4 Ne7 14. f4 Bc8 15. fxe5 dxe5 16. Nxh6+ gxh6 17. Rxf6 Nd5 18. Rxf7 Kxf7 19. Bxd5+ Be6 20. Qf3+ Qf6 21. Qh5+ Ke7 22. Bxa8 Rxa8 23. Be3 Kd7 24. Rf1 Qg7 25. Nf5 Qh7 26. d4 exd4 27. cxd4 Bd6 28. Nxd6 cxd6 29. d5 Bg8 30. Qg4+ Kc7 31. Rc1+ Kb7 32. Rc6 Bxd5 33. exd5 1-0